Bertrand Tillier, La Commune de Paris Révolution sans images ? Politique et représentations dans la France républicaine (1871-1914), Seyssel, Champ vallon, 2004, 527 p. par Sébastien Le Pajolec (notice n° 1609087)
[ vue normale ]
| 000 -LEADER | |
|---|---|
| fixed length control field | 01786cam a2200169 4500500 |
| 005 - DATE AND TIME OF LATEST TRANSACTION | |
| control field | 20251228152145.0 |
| 041 ## - LANGUAGE CODE | |
| Language code of text/sound track or separate title | fre |
| 042 ## - AUTHENTICATION CODE | |
| Authentication code | dc |
| 100 10 - MAIN ENTRY--PERSONAL NAME | |
| Personal name | Schmitt, Marie-Paule |
| Relator term | author |
| 245 00 - TITLE STATEMENT | |
| Title | Bertrand Tillier, La Commune de Paris Révolution sans images ? Politique et représentations dans la France républicaine (1871-1914), Seyssel, Champ vallon, 2004, 527 p. par Sébastien Le Pajolec |
| 260 ## - PUBLICATION, DISTRIBUTION, ETC. | |
| Date of publication, distribution, etc. | 2004.<br/> |
| 500 ## - GENERAL NOTE | |
| General note | 97 |
| 520 ## - SUMMARY, ETC. | |
| Summary, etc. | RésuméÀ partir d’une enquête ethnographique dans deux luttes de chômeurs et chômeuses en Bretagne en 1997-1998, cet article analyse les modes de perception de la domination masculine repérée dans les mobilisations observées. Celles-ci apparaissent comme des processus qui contribuent à fabriquer la sexuation du social mais aussi un rapport à cette sexuation, en fonction de la dimension collective de la lutte. L’article revient aussi sur la constitution, dans un mouvement social non féministe, d’un « sujet social femmes » (Danièle Kergoat). |
| 520 ## - SUMMARY, ETC. | |
| Summary, etc. | Starting from an ethnographic investigation in two fights of unemployed persons in Brittany in 1997-1998, this article analyzes the modes of perception of the male domination located in the mobilizations observed. Those appear as processes which contribute to manufacture not only the sexuation of social order but also a relation to this sexuation, according to collective dimension of the fight. The article also reconsiders the constitution, in a nonfeminist social movement, of a “social subject women” (Danièle Kergoat). |
| 786 0# - DATA SOURCE ENTRY | |
| Note | Sociétés & Représentations | 17 | 1 | 2004-03-01 | p. 373f-382f | 1262-2966 |
| 856 41 - ELECTRONIC LOCATION AND ACCESS | |
| Uniform Resource Identifier | <a href="https://shs.cairn.info/revue-societes-et-representations-2004-1-page-373f?lang=fr&redirect-ssocas=7080">https://shs.cairn.info/revue-societes-et-representations-2004-1-page-373f?lang=fr&redirect-ssocas=7080</a> |
Pas d'exemplaire disponible.




Réseaux sociaux